000 01450nam a2200373 i 4500
001 194877
003 SpMaBN
005 20250716034715.0
007 ta
008 100315s1929 sp | |||| 000 f spa
035 _a(OCoLC)733882697
035 _aa4703245
040 _aSpMaBN
_bspa
_cSpMaBN
_erdc
_dES-MaACL
080 _a821.133.1-31"17"
100 1 _aBernardin de Saint-Pierre, Henri,
_d1737-1814
_0XX990697
_928279
245 1 0 _aPablo y Virginia :
_b(novela completa) /
_cpor B. de Saint-Pierre.
260 _aMadrid :
_bRevista Literaria "Novelas y cuentos",
_c1929.
300 _a23 p. ;
_c29 cm
336 _2rdacontent
_atexto
337 _2rdamedia
_asin mediación
338 _2rdacarrier
_avolumen
490 1 _aRevista literaria "Novelas y cuentos" ;
_vaño 1, n. 50
500 _aTraducción de: Paul et Virginie
594 _aTítulo original: Paul et Virginie
655 7 _2tgfbne
_9234959
_aNovelas cortas
773 _0194867
_9202503
_gG-15982
_aObras encuadernadas juntas
830 0 _aRevista literaria "Novelas y cuentos"
_vaño 1, n. 50
_9236217
852 _aES-MaACL
_cDEPO2
_jG-15982(3)
_hLegado: Juan Antonio Porto
_xEncuadernado con otras obras formando un volumen facticio.
_9202503
903 _993285
_aPorto, Juan Antonio,
_q1
_d1937-2021
_ednr
942 _n0
_cFOLLETOS
999 _c194877
_d194877